000 00627nam a2200241 a 4500
001 35139
003 AR-BaAGN
005 20231116150558.0
007 ta
008 220625s2004 xx |||||r|||| ||||||spa d
020 _a987-96812-8-2
040 _dAR-BaAGN
_aAR-BaAGN
_bspa
_eaacr
100 1 _aDe Monte, Higinio
245 1 0 _aCaviahue-Copahue :
_bmito y realidad
250 _a1ª ed.
260 _a[Lugar de publicación no identificado] :
_bEdiciones Verdes,
_c2004.
300 _a64 páginas
336 _2rdacontent
_btxt
337 _2rdamedia
_bn
338 _2rdacarrier
_bnc
942 _cLIBRO
999 _c35139
_d35139